Sports Quiz

Random Sports or Hockey Quiz
Score 0/177 Timer 15:00
0 Plays Today
Team Player % Correct
Boston BruinsTuukka Rask
93.7%
Boston BruinsZdeno Chara
91.3%
Columbus Blue JacketsRyan Murray
90.3%
Pittsburgh PenguinsMatt Murray
90.3%
Boston BruinsBrad Marchand
89.2%
Boston BruinsPatrice Bergeron
88.4%
Columbus Blue JacketsSergei Bobrovsky
87.4%
Pittsburgh PenguinsSidney Crosby
86.8%
Pittsburgh PenguinsEvgeni Malkin
85.8%
Boston BruinsDavid Pastrnak
85%
New Jersey DevilsTaylor Hall
83.9%
Columbus Blue JacketsJack Johnson
83.2%
Tampa Bay LightningTyler Johnson
83.2%
Pittsburgh PenguinsPhil Kessel
82.9%
Philadelphia FlyersClaude Giroux
82.6%
Tampa Bay LightningSteven Stamkos
82.4%
Toronto Maple LeafsAuston Matthews
82.4%
Pittsburgh PenguinsKris Letang
81.8%
Boston BruinsCharlie McAvoy
81.6%
Washington CapitalsAlex Ovechkin
81.3%
Tampa Bay LightningNikita Kucherov
80.8%
Boston BruinsTorey Krug
80.3%
Washington CapitalsBraden Holtby
80.3%
Columbus Blue JacketsSeth Jones
79.7%
Toronto Maple LeafsFrederik Andersen
79.5%
Columbus Blue JacketsArtemi Panarin
77.4%
Tampa Bay LightningVictor Hedman
77.4%
Philadelphia FlyersJakub Voracek
76.3%
Toronto Maple LeafsWilliam Nylander
75.3%
Boston BruinsRiley Nash
75%
Boston BruinsRick Nash
75%
Washington CapitalsEvgeny Kuznetsov
75%
Boston BruinsAnton Khudobin
74.7%
Boston BruinsKevan Miller
74.7%
New Jersey DevilsKeith Kinkaid
74.7%
Tampa Bay LightningJT Miller
74.7%
Toronto Maple LeafsMitch Marner
74.7%
Boston BruinsDavid Krejci
73.7%
Toronto Maple LeafsNazem Kadri
73.7%
Washington CapitalsNicklas Backstrom
73.4%
Pittsburgh PenguinsJake Guentzel
72.9%
Columbus Blue JacketsNick Foligno
72.4%
Columbus Blue JacketsZach Werenski
72.1%
Pittsburgh PenguinsPatric Hornqvist
72.1%
Washington CapitalsTJ Oshie
71.8%
Columbus Blue JacketsCam Atkinson
70.8%
Tampa Bay LightningAndrei Vasilevskiy
70.5%
Washington CapitalsPhilipp Grubauer
70%
New Jersey DevilsNico Hischier
69.7%
Philadelphia FlyersWayne Simmonds
69.7%
Philadelphia FlyersShayne Gostisbehere
68.9%
Toronto Maple LeafsMorgan Rielly
68.7%
Washington CapitalsJohn Carlson
68.7%
Toronto Maple LeafsJake Gardiner
67.9%
Tampa Bay LightningBrayden Point
67.6%
Washington CapitalsBrooks Orpik
67.6%
Washington CapitalsTom Wilson
67.6%
Philadelphia FlyersBrian Elliott
67.4%
Tampa Bay LightningRyan McDonagh
66.8%
Team Player % Correct
Tampa Bay LightningOndrej Palat
66.6%
Washington CapitalsMatt Niskanen
65.5%
Pittsburgh PenguinsCarl Hagelin
65%
Washington CapitalsDimitri Orlov
64.7%
Pittsburgh PenguinsConor Sheary
64.5%
Toronto Maple LeafsTyler Bozak
64.2%
Philadelphia FlyersPetr Mrazek
63.7%
Philadelphia FlyersIvan Provorov
62.4%
Boston BruinsDavid Backes
61.8%
Tampa Bay LightningMikhail Sergachev
61.8%
Boston BruinsJake DeBrusk
61.6%
Philadelphia FlyersSean Couturier
61.6%
Tampa Bay LightningAnton Stralman
61.6%
Pittsburgh PenguinsBryan Rust
61.1%
Washington CapitalsAndre Burakovsky
61.1%
Pittsburgh PenguinsOlli Maatta
60.8%
Toronto Maple LeafsPatrick Marleau
60.5%
Pittsburgh PenguinsJustin Schultz
60%
New Jersey DevilsAndy Greene
58.7%
Columbus Blue JacketsJonas Korpisalo
58.4%
Boston BruinsAdam McQuaid
57.6%
Columbus Blue JacketsBoone Jenner
57.1%
Columbus Blue JacketsIan Cole
56.6%
Columbus Blue JacketsJosh Anderson
56.3%
Toronto Maple LeafsRon Hainsey
56.3%
Toronto Maple LeafsConnor Brown
56.1%
Philadelphia FlyersTravis Konecny
55.5%
Toronto Maple LeafsNikita Zaitsev
55.5%
Columbus Blue JacketsPierre-Luc Dubois
55.3%
Columbus Blue JacketsAlexander Wennberg
54.7%
Pittsburgh PenguinsBrian Dumoulin
54.7%
Tampa Bay LightningRyan Callahan
54.7%
Boston BruinsBrandon Carlo
54.2%
Tampa Bay LightningYanni Gourde
54.2%
Toronto Maple LeafsLeo Komarov
54.2%
Columbus Blue JacketsDavid Savard
53.9%
New Jersey DevilsSami Vatanen
53.9%
Philadelphia FlyersRadko Gudas
53.9%
Tampa Bay LightningAlex Killorn
53.4%
Toronto Maple LeafsRoman Polak
53.4%
Toronto Maple LeafsZach Hyman
53.4%
Toronto Maple LeafsKasperi Kapanen
53.4%
New Jersey DevilsCory Schnieder
52.6%
New Jersey DevilsKyle Palmieri
52.4%
Washington CapitalsJay Beagle
52.4%
New Jersey DevilsTravis Zajac
51.6%
Tampa Bay LightningDan Girardi
51.3%
Boston BruinsDanton Heinen
50.8%
New Jersey DevilsWill Butcher
50.8%
Philadelphia FlyersAndrew MacDonald
50.8%
New Jersey DevilsMarcus Johansson
50.7%
Columbus Blue JacketsBrandon Dubinsky
50.5%
Tampa Bay LightningChris Kunitz
50.5%
Philadelphia FlyersNolan Patrick
50.3%
Pittsburgh PenguinsDerick Brassard
50.3%
Tampa Bay LightningBraydon Coburn
50%
Toronto Maple LeafsCurtis McElhinney
50%
Pittsburgh PenguinsCasey DeSmith
49.7%
New Jersey DevilsJohn Moore
47.6%
Team Player % Correct
Washington CapitalsLars Eller
47.4%
New Jersey DevilsBrian Boyle
46.6%
Washington CapitalsDevante Smith-Pelly
46.6%
Columbus Blue JacketsMatt Calvert
45.3%
Philadelphia FlyersValtteri Filppula
45.3%
Toronto Maple LeafsJames van Riemsdyk
44.7%
Washington CapitalsJakub Vrana
44.7%
New Jersey DevilsMiles Wood
44.5%
New Jersey DevilsDamon Severson
43.2%
Philadelphia FlyersMatt Read
43.2%
Tampa Bay LightningAndrej Sustr
41.6%
Washington CapitalsBrett Connolly
41.3%
Boston BruinsRyan Donato
40.8%
Toronto Maple LeafsConnor Carrick
39.5%
Toronto Maple LeafsTravis Dermott
38.7%
Tampa Bay LightningCedric Paquette
38.4%
Boston BruinsBrian Gionta
38.2%
New Jersey DevilsBen Lovejoy
37.9%
Pittsburgh PenguinsRiley Sheahan
37.9%
Tampa Bay LightningLouis Domingue
37.4%
Pittsburgh PenguinsTom Kuhnhackl
37.1%
Boston BruinsNoel Acciari
36.6%
Columbus Blue JacketsThomas Vanek
36.3%
Philadelphia FlyersMichael Raffl
36.3%
Pittsburgh PenguinsMatt Hunwick
36.3%
New Jersey DevilsPavel Zacha
35.8%
Boston BruinsTommy Wingels
35.5%
Philadelphia FlyersJori Lehtera
35.5%
Pittsburgh PenguinsJamie Oleksiak
35.3%
Boston BruinsSean Kuraly
35%
Boston BruinsTim Schaller
34.7%
Philadelphia FlyersTravis Sanheim
34.5%
Columbus Blue JacketsMarkus Nutivaara
33.4%
Toronto Maple LeafsTomas Plekanec
33.4%
Washington CapitalsMichal Kempny
33.4%
New Jersey DevilsPatrick Maroon
32.6%
New Jersey DevilsMichael Grabner
32.6%
Columbus Blue JacketsOliver Bjorkstrand
32.4%
Pittsburgh PenguinsZach Aston-Reese
31.8%
Washington CapitalsChandler Stephenson
31.8%
Toronto Maple LeafsAndreas Johnsson
31.6%
Philadelphia FlyersRobert Hagg
30.8%
Tampa Bay LightningAnthony Cirelli
29.5%
Boston BruinsMatt Grzelcyk
28.9%
New Jersey DevilsBlake Coleman
28.9%
Pittsburgh PenguinsChad Ruhwedel
28.7%
Columbus Blue JacketsSonny Milano
28.2%
Philadelphia FlyersScott Laughton
27.9%
Pittsburgh PenguinsCarter Rowney
27.9%
Boston BruinsNick Holden
27.6%
Columbus Blue JacketsMark Letestu
26.8%
Philadelphia FlyersBrandon Manning
26.8%
Washington CapitalsAlex Chiasson
26.8%
New Jersey DevilsBrian Gibbons
25.3%
New Jersey DevilsDrew Stafford
19.2%
Philadelphia FlyersOskar Lindblom
17.6%
New Jersey DevilsMirco Mueller
16.8%
Washington CapitalsJakub Jerabek
15.8%
Philadelphia FlyersTaylor Leier
13.7%
Come Together.
Have Fun.
All Virtual.
We all need to come together. Play Sporcle's virtual live trivia to have fun, connect with people, and get your trivia on. Join a live hosted trivia game for your favorite pub trivia experience done virtually. If a virtual private party is more your thing, go here for details.

You're not logged in!

Compare scores with friends on all Sporcle quizzes.
OR
Log In

Sporcle TV

Today on Sporcle TV


Watch our educational content, quiz creation guides, and fun videos on Sporcle TV.

Show Comments

Extras

Top Quizzes Today


Score Distribution

Paid Content

Your Account Isn't Verified!

In order to create a playlist on Sporcle, you need to verify the email address you used during registration. Go to your Sporcle Settings to finish the process.

Report this User

Report this user for behavior that violates our Community Guidelines.

Details: